El principio esperanza / (Record no. 123549)

MARC details
000 -CABECERA
campo de control de longitud fija 00798nam a2200241 u 4500
005 - FECHA Y HORA DE LA ÚLTIMA TRANSACCIÓN
campo de control 20240925070033.0
008 - ELEMENTOS DE LONGITUD FIJA--INFORMACIÓN GENERAL
campo de control de longitud fija 070824s1979 r 000 0 eng d
020 ## - NÚMERO INTERNACIONAL NORMALIZADO PARA LIBROS
Número Internacional Estándar del Libro 8403519974
035 ## - NÚMERO DE CONTROL DEL SISTEMA
Número de control de sistema UPN01000151412
049 ## - COLECCIÓN
Colección CG
050 #4 - SIGNATURA TOPOGRÁFICA DE LA BIBLIOTECA DEL CONGRESO
Número de clasificación BD216
Número de documento/Ítem B5.6
100 1# - ASIENTO PRINCIPAL--NOMBRE PERSONAL
Nombre de persona Bloch, Ernst,
Fechas asociadas al nombre 1885-1977
9 (RLIN) 39510
245 13 - MENCIÓN DE TÍTULO
Título El principio esperanza /
Mención de responsabilidad, etc. Ernest Bloch.
260 ## - PUBLICACIÓN, DISTRIBUCIÓN, ETC.
Lugar de publicación, distribución, etc. Madrid :
Nombre del editor, distribuidor, etc. Aguilar,
Fecha de publicación, distribución, etc. 1979.
300 ## - DESCRIPCIÓN FÍSICA
Extensión v.
440 #0 - MENCIÓN DE SERIE/ASIENTO SECUNDARIO--TÍTULO
Título Biblioteca filosófica
500 ## - NOTA GENERAL
Nota general La Biblioteca tiene el tomo 2 y tomo 3
505 8# - NOTA DE CONTENIDO CON FORMATO PREESTABLECIDO
Nota de contenido con formato Contenido:
Información miscelánea v. 2.
Título Parte cuarta (construcción), esquemas de un mundo mejor --
Información miscelánea v. 3.
Título Parte quinta (identidad), imágenes desiderativas del momento pleno
650 #2 - ASIENTO SECUNDARIO DE MATERIA - TERMINO TEMATICO
Término de materia o nombre geográfico como elemento de entrada Esperanza
9 (RLIN) 22222
650 #4 - ASIENTO SECUNDARIO DE MATERIA - TERMINO TEMATICO
Término de materia o nombre geográfico como elemento de entrada Utopías
9 (RLIN) 17449
650 #2 - ASIENTO SECUNDARIO DE MATERIA - TERMINO TEMATICO
Término de materia o nombre geográfico como elemento de entrada Imaginación
9 (RLIN) 10940
905 ## - TIPO DE MATERIAL
Tipo de material Libros
Holdings
Estado de retiro Estado de pérdida Fuente del sistema de clasificación o colocación Estado dañado No para préstamo Código de colección Localización permanente Ubicación/localización actual Ubicación en estantería Enumeración/cronología de publicación seriada Total de préstamos Clasificación Código de barras Fecha visto por última vez Número de copia Tipo de ítem Koha Restricciones de uso Fecha de adquisición
    Library of Congress Classification     Colección General Bib. Gregorio Torres Quintero Bib. Gregorio Torres Quintero Planta baja v. 2 4 BD216 B5.6 251833 31/12/2020 1 Libro    
    Library of Congress Classification     Bibliografía básica Bib. Gregorio Torres Quintero Bib. Gregorio Torres Quintero Colecciones especiales Planta alta v. 3   BD216 B5.6 251832 31/12/2020 1 Libro por horas Préstamo por horas 30/01/2023